MARC

LEADER 00000nam0a2200000 4500
001 29109
005 20231101205905.0
010 |a 5229008423 
035 |a (RuTPU)RU\TPU\book\29368 
035 |a BOOK00029443 
090 |a 29109 
100 |a 20011209d1992 m y0rusy50 ca 
101 0 |a rus 
102 |a RU 
105 |a a j 001zy 
200 1 |a Технология термической обработки цветных металлов и сплавов  |e учебник  |f Б. А. Колачев, Р. М. Габидуллин, Ю. В. Пигузов 
210 |a Москва  |c Металлургия  |d 1992 
215 |a 271 с.  |c ил. 
320 |a Библиогр. : с. 270-272. 
606 1 |a Цветные металлы  |x Термическая обработка  |2 stltpush  |3 (RuTPU)RU\TPU\subj\17882  |9 43442 
610 1 |a металлургия 
610 1 |a сплавы 
610 1 |a технология 
610 1 |a алюминий 
610 1 |a магний 
610 1 |a титан 
610 1 |a тугоплавкие металлы 
610 1 |a медь 
610 1 |a никель 
610 1 |a учебники 
675 |a 669.2:621.78(075.8)  |v 3 
700 1 |a Колачев  |b Б. А.  |g Борис Александрович 
701 1 |a Габидуллин  |b Р. М.  |g Рустам Мухамедович 
701 1 |a Пигузов  |b Ю. В.  |g Юрий Васильевич 
801 0 |a RU  |b 63413507  |c 20011209  |g PSBO 
801 2 |a RU  |b 63413507  |c 20150416  |g PSBO 
942 |c BK